000
00507nam a2200145Ia 4500
008
090124s9999 xx 000 0 und d
082
_b
34144
245
_a
प्रकाशकिरणे(गांधीविचार)
250
_a
1
260
_b
बकाणे छाया सुरेश
_c
2007
300
_a
137
630
_a
प्रकाशकिरणे(गांधीविचार)
730
_a
प्रकाशकिरणे(गांधीविचार)
942
_c
BOOK
999
_c
196800
_d
196800